000 00179nam a2200073Ia 4500
008 170817s9999 xx 000 0 und d
100 _aSharma.P.D
245 0 _aHindi Shikshan
260 _bR S A International .AGRA
999 _c39697
_d39697